000 00749nam a2200217 i 4500
001 28795
003 ES-MaACL
005 20250822032222.0
007 t|
008 030120s1943 sp ||||1| spa d
100 1 _aBarbado, Manuel.
_925375
245 1 0 _aIntroducción a la psicología experimental /
_cpor Manuel Barbado.
250 _a2ª ed. aum.
260 _aMadrid :
_b[s.n.],
_c1943 (
_fBolaños y Aguilar)
300 _a675 p. ;
_c25 cm.
490 1 _aPublicaciones del Consejo Superior de Investigaciones Científicas
650 0 7 _aPsicología experimental
_2embne
_916564
830 0 _aPublicaciones del Consejo Superior de Investigaciones Científicas
_9229281
852 _aES-MaACL
_jA-2468
_bR.20242
999 _c28795
_d28795